[Event "Open SSM A Giugno"]
[Site "Milano ITA"]
[Date "2013.06.09"]
[Round "6"]
[White "Valaker, Ole J."]
[Black "Michel, Steve"]
[WhiteElo "2195"]
[BlackElo "1983"]
[Result "1-0"]
[PlyCount "119"]
[EventDate "2013.06.06"]

1. d4 Nf6 2. Bg5 d5 3. Bxf6 exf6 4. e3 Be6 5. Ne2 c5 6. dxc5 Bxc5 7. c3 Nc6 8.
Nd2 O-O 9. Nb3 Be7 10. Nbd4 Qd7 11. Nf4 a6 12. Be2 Ne5 13. O-O b5 14. Bd3 f5
15. Qb1 g6 16. Rd1 Bd6 17. Bf1 Ng4 18. g3 Rfe8 19. Bg2 Nf6 20. a4 Rab8 21. axb5
axb5 22. Ra6 Rec8 23. Qa2 Rc4 24. Ra7 Rc7 25. Rxc7 Bxc7 26. Qa6 Rb6 27. Qa7 Ne4
28. Nd3 Qd6 29. Nb4 Qd8 30. Ne2 Rd6 31. Nd4 Rb6 32. Bf1 Nd6 33. Ndc6 Qd7 34.
Ne5 Qc8 35. Rxd5 Rb7 36. Qa6 Bxd5 37. Nxd5 Kg7 38. Nd3 Qb8 39. Qc6 Ne8 40. Nc5
Ra7 41. Bxb5 Qa8 42. Qxa8 Rxa8 43. Bxe8 Bd6 44. Nb7 Rxe8 45. Nxd6 Rd8 46. Nc7
Kf6 47. Kf1 Ke7 48. Ncb5 Ra8 49. Ke2 Ra2 50. Nc4 g5 51. Nd4 Kf6 52. Nc2 Ra8 53.
Kd3 h5 54. b4 Rh8 55. b5 h4 56. b6 hxg3 57. hxg3 f4 58. Nb4 fxg3 59. fxg3 Ke6
60. Na6 1-0